Un monstruo / (Registro nro. 30621)

Detalles MARC
000 -LEADER
fixed length control field 00237nam a22000977a 4500
008 - FIXED-LENGTH DATA ELEMENTS--GENERAL INFORMATION
fixed length control field 240219b |||||||| |||| 00| 0 eng d
082 ## - DEWEY DECIMAL CLASSIFICATION NUMBER
Classification number A LYOm Ej.1
100 10 - MAIN ENTRY--PERSONAL NAME
Personal name Lyona
Relator term Ilustradora
9 (RLIN) 43445
245 ## - TITLE STATEMENT
Title Un monstruo /
Statement of responsibility, etc. Lyona
942 ## - ADDED ENTRY ELEMENTS (KOHA)
Source of classification or shelving scheme Dewey Decimal Classification
Existencias
Withdrawn status Lost status Source of classification or shelving scheme Damaged status Not for loan Home library Current library Shelving location Date acquired Total Checkouts Full call number Barcode Date last seen Date last checked out Price effective from Non-public note Koha item type Public note
    Dewey Decimal Classification     Biblored Biblioteca Pública José María del Castillo y Rada Children's Area 02/19/2024 1 A LYOm Ej.1 14115504 04/15/2024 04/08/2024 02/19/2024 ondeado, sucio Books Material Interbibliotecario BibloRed